Vua đen Mai Hắc Đế

Wedi'i Gadw mewn:
Manylion Llyfryddiaeth
Prif Awdur: Hoàng, Công Khanh
Fformat: Llyfr
Iaith:Undetermined
Cyhoeddwyd: Hà Nội Văn học 1999
Pynciau:
Tagiau: Ychwanegu Tag
Dim Tagiau, Byddwch y cyntaf i dagio'r cofnod hwn!
Thư viện lưu trữ: Trung tâm Học liệu Trường Đại học Cần Thơ
LEADER 00539nam a2200205Ia 4500
001 CTU_87259
008 210402s9999 xx 000 0 und d
020 |c 19000 
082 |a 895.9223081 
082 |b Kh107 
100 |a Hoàng, Công Khanh 
245 0 |a Vua đen Mai Hắc Đế 
245 0 |c Hoàng Công Khanh 
260 |a Hà Nội 
260 |b Văn học 
260 |c 1999 
650 |a Historical fiction 
650 |z Vietnamese 
904 |i Trúc 
980 |a Trung tâm Học liệu Trường Đại học Cần Thơ